00571nam a2200157 4500082001200000100001900012245006700031250007800098260000900176300000900185490007800194500002800272520007800300650001400378650002100392 a540 PUR aGuide to IUPAC aPure and Applied Chemistry:41st IUPAC world chemistry congress aOfficial journal of the international union of pure and applied chemistry c2007 a200p aOfficial journal of the international union of pure and applied chemistry aVol.80,No.8,August 2008 aOfficial journal of the international union of pure and applied chemistry aChemistry achemical science